000 nam a22 4500
999 _c9369
_d9369
008 180516b ||||| |||| 00| 0 eng d
245 _aStudy links parenthood to longer life expectancy.
260 _aPhilippines
_bPhilippine Daily Inquirer
_cc2017
300 _apage A12.
650 0 _927843
_aParenting.
942 _2ddc
_cPER